000 00690cam a2200229 a 4500
001 2420951
005 20180302034041.0
008 870227s1988 mdua b 001 0 eng c
010 _a 87006151
020 _a0683064967
040 _aDNLM/DLC
_cDLC
_dDLC
041 _aeng
060 _aWP 660 C641
080 _a618.1059 NIC
082 0 0 _a618.1059 NIC
_219
100 _a10
101 _aGJIN
245 0 0 _aClinical problems, injuries, and complications of gynecologic surgery /
_cedited by David H. Nichols, with the assistance of George W. Anderson.
504 _aIncludes bibliographies and index.
906 _a7
_bcbc
_corignew
_d1
_eocip
_f19
_gy-gencatlg
942 _2ddc
_cBK
999 _c43930
_d43930